Topics in finite and discrete mathematics
Saved in:
| Hovedforfatter: | |
|---|---|
| Format: | Bog |
| Sprog: | engelsk |
| Udgivet: |
Nueva York
Cambridge University
2000
|
| Udgivelse: | 1a. ed |
| Fag: | |
| Tags: |
Tilføj Tag
Ingen Tags, Vær først til at tagge denne postø!
|
MARC
| LEADER | 00000nam a2200000 a 4500 | ||
|---|---|---|---|
| 001 | UCJ2804 | ||
| 003 | CL-VaPUC | ||
| 008 | 070119e20000000US |||||||||||||||||eng|d | ||
| 020 | |a 052177571X | ||
| 082 | 0 | 4 | |a 510 |b ROS |2 21 |
| 100 | 0 | |a Ross, Sheldon M |e author |9 503787 | |
| 245 | 1 | 0 | |a Topics in finite and discrete mathematics |
| 250 | |a 1a. ed | ||
| 300 | |a 265 p | ||
| 942 | |c BK | ||
| 945 | |d 20070119 00:00:00 |a cmena | ||
| 260 | |a Nueva York |b Cambridge University |c 2000 | ||
| 650 | 0 | |a Matemática |9 260235 | |
| 650 | 0 | |a Funciones (Matemáticas) |9 338128 | |
| 650 | 0 | |a Teoría de probabilidades |9 336944 | |
| 650 | 0 | |a Matemáticas financieras |9 260347 | |
| 650 | 0 | |a Matemáticas discretas |9 390672 | |
| 650 | 0 | |a Programación lineal |9 23 | |
| 650 | 0 | |a Estadística matemática |9 260028 | |
| 583 | |a last modification |c 20070119 00:00:00 |k Rodrigo Vera | ||
| 999 | |c 318934 |d 318932 | ||
| 952 | |0 0 |1 0 |4 0 |6 510_000000000000000_ROS_2000 |7 0 |8 A |9 397150 |a BIBING |b BIBING |d 2019-11-22 |i 4313704 |o 510 ROS 2000 |p 4313704 |r 2025-01-20 |w 2019-11-22 |y BK |k EII | ||